Statistics for Best Selling EVs in U.S. for 2021

Click here to take the quiz!

General Stats

  • This quiz has been taken 8 times
  • The average score is 6 of 12

Answer Stats

HintAnswer% Correct
9,100 units soldTesla Model S
100%
172,700 units soldTesla Model Y
88%
128,600 units soldTesla Model 3
75%
3000 units soldTesla model X
75%
24,803 units soldChevy Bolt EV & EVU
50%
14,239 units soldNissan Leaf
50%
8,936 units soldHyundai Kona Electric
38%
1,766 units soldHyundai Ioniq Electric
25%
27,140 units soldMustang Mach-E
25%
10,921 unis soldAudi etron & etron Sportback
13%
9,419 units soldPorshe Taycan
13%
16,742 units soldVolkswagen ID.4
13%

Score Distribution

Percentile by Number Answered

Percent of People with Each Score

Your Score History

You have not taken this quiz